[Event "Oberliga Ost-B 0708"]
[Site "Germany"]
[Date "2008.04.06"]
[Round "9.8"]
[White "Rudnizki, Sergej"]
[Black "Schmidt, Volker"]
[Result "1-0"]
[WhiteElo "2177"]
[BlackElo "2027"]
[PlyCount "123"]
[EventDate "2007.10.07"]
[EventType "team-tourn"]
[EventRounds "11"]
[EventCountry "GER"]
[SourceTitle "EXT 2009"]
[Source "ChessBase"]
[SourceDate "2008.11.26"]
[SourceVersion "1"]
[SourceVersionDate "2008.11.26"]
[SourceQuality "1"]
[WhiteTeam "Erfurt Empor"]
[BlackTeam "Dotzheim"]
[WhiteTeamCountry "GER"]
[BlackTeamCountry "GER"]

1. e4 c5 2. Nf3 d6 3. d4 cxd4 4. Nxd4 Nf6 5. Nc3 g6 6. Be3 Bg7 7. f3 0-0 8. Qd2 Nc6 9. 0-0-0 Be6 10. Kb1 Ne5 11. Nxe6 fxe6 12. Nb5 a6 13. Nd4 Qc8 14. Bh6 Nf7 15. Bxg7 Kxg7 16. Qe3 e5 17. Ne2 Qc6 18. Qb3 Rac8 19. h4 b5 20. Nc3 Rfe8 21. g3 Qc5 22. Nd5 Nxd5 23. Rxd5 Qf2 24. Bh3 Rc4 25. Rd3 Nd8 26. Rf1 Qh2 27. Bd7 Rf8 28. Rc3 Rxe4 29. Rc1 Rd4 30. Rc7 Qxg3 31. Be6 Qxh4 32. a3 Nxe6 33. Qxe6 Rf7 34. Ra7 Qf6 35. Qc8 Qxf3 36. Ra8 e4 37. Qh8+ Kh6 38. Qxd4 e3 39. Rg8 Qf4 40. Rh1+ Kg5 41. Rg1+ Kh6 42. R8xg6+ hxg6 43. Qh8+ Rh7 44. Rh1+ Kg5 45. Qxh7 Qe4 46. Qh6+ Kf5 47. Rf1+ Ke6 48. Re1 e2 49. Qd2 Kd7 50. Rxe2 Qf3 51. Qe3 Qf1+ 52. Re1 Qf6 53. Qa7+ Kd8 54. Qxa6 Qh4 55. Qa8+ Kc7 56. Qa7+ Kd8 57. Qb8+ Kd7 58. Qxb5+ Kd8 59. Re3 Qf6 60. Rc3 g5 61. Qb8+ Kd7 62. Qc8# 1-0

[Event "Bayern-chB 77th"]
[Site "Bad Woerishofen"]
[Date "2006.09.02"]
[Round "9"]
[White "Schmidt, Volker"]
[Black "Kirsch, Sebastian"]
[Result "0-1"]
[WhiteElo "1800"]
[BlackElo "1801"]
[PlyCount "56"]
[EventDate "2006.08.26"]
[EventType "swiss"]
[EventRounds "9"]
[EventCountry "GER"]
[SourceTitle "EXT 2015"]
[Source "ChessBase"]
[SourceDate "2014.11.20"]
[SourceVersion "1"]
[SourceVersionDate "2014.11.20"]
[SourceQuality "1"]

1. c4 Nf6 2. Nc3 g6 3. g3 d6 4. Bg2 Bg7 5. Nf3 0-0 6. 0-0 c6 7. Qc2 Nbd7 8. b3 Re8 9. Bb2 e5 10. e4 Nf8 11. d4 Bg4 12. dxe5 dxe5 13. Rad1 Qc7 14. h3 Bxf3 15. Bxf3 Ne6 16. Ne2 Rad8 17. c5 Bf8 18. b4 b6 19. cxb6 axb6 20. a3 c5 21. Bg2 Rxd1 22. Rxd1 cxb4 23. Qa4 bxa3 24. Bxa3 Bxa3 25. Qxa3 Qc2 26. Nc3 Nd4 27. Rc1 Qd2 28. Rf1 Qxc3 0-1